| 000 | 00759nam a2200253Ia 4500 | ||
|---|---|---|---|
| 001 | Z_465 | ||
| 003 | CHAP | ||
| 008 | 220113s1969 xx 000 0 und d | ||
| 010 | _a163442 | ||
| 040 | _cCHAP | ||
| 090 | _aTesis H 565 | ||
| 100 |
_aHinojosa Cuellar, José Alfonso _955515 |
||
| 245 |
_aPeríodo de servicio de vacas Holstein-Friesian de tres hatos de la región de Texcoco y México / _cpor José Alfonso Hinojosa Cuellar |
||
| 260 |
_aChapingo, Méx. : _bEl autor, _c1969 |
||
| 300 | _a50 h. | ||
| 502 | _aTesis (Ing. Agrónomo Esp. en Zootecnia) -- ENA. Departamento de Zootecnia | ||
| 650 |
_aGanado lechero _xFecundidad _945264 |
||
| 901 | _aTESIS H 565 | ||
| 902 | _aM | ||
| 910 | _a1969 | ||
| 942 | _c2 | ||
| 942 | _c2 | ||
| 999 |
_c163442 _d163442 |
||